[Event "Enniscrone Sligo Spring op"]
[Site "Enniscrone"]
[Date "2023.02.03"]
[Round "1"]
[White "Morriss, Pete R"]
[Black "Abdullayev, Rustem"]
[Result "1/2-1/2"]
[WhiteElo "2008"]
[BlackElo "1800"]
[PlyCount "99"]
[EventDate "2023.02.03"]
[EventType "swiss"]
[EventRounds "5"]
[EventCountry "IRL"]
[SourceTitle "CBM 212 Extra"]
[Source "ChessBase"]
[SourceDate "2023.03.31"]
[SourceVersion "1"]
[SourceVersionDate "2023.03.31"]
[SourceQuality "1"]

1. e4 c5 2. c4 Nc6 3. Nc3 Nf6 4. g3 e6 5. Bg2 Be7 6. Nge2 0-0 7. 0-0 e5 8. d3 d6 9. f4 Ne8 10. f5 Bg5 11. g4 f6 12. a3 Rb8 13. Qe1 Nd4 14. Nxd4 cxd4 15. Nd5 b5 16. cxb5 Rxb5 17. b4 Nc7 18. Nxc7 Qxc7 19. Bxg5 fxg5 20. Qd2 h6 21. Rfc1 Qb8 22. Rc4 a5 23. Rb1 Kh7 24. Bf3 Ba6 25. a4 Rxb4 26. Rcxb4 axb4 27. Rxb4 Qc7 28. Bd1 Rc8 29. Kf2 Qa5 30. Rb2 Rc3 31. Bc2 Qc5 32. Ke2 d5 33. exd5 Qxd5 34. Kf2 Bb7 35. Qe2 Qc6 36. Kg3 e4 37. a5 exd3 38. Bxd3 Ba6 39. Rd2 Bxd3 40. Rxd3 Rxd3+ 41. Qxd3 Qc3 42. Qf3 Qxa5 43. Qe4 Qc7+ 44. Kf3 Qc3+ 45. Kf2 Qd2+ 46. Kg3 Qc3+ 47. Kf2 Qb2+ 48. Kf3 Qc3+ 49. Kf2 Qc4 50. f6+ 1/2-1/2